|
|
|
|
| LEADER |
00000nab a2200000 a 4500 |
| 001 |
vtls011633114 |
| 003 |
SK-MaSNL |
| 005 |
20260318115201.0 |
| 008 |
170529c2016 xo er p ||00 c0ukr |
| 015 |
|
|
|a SNBRB2017/05
|
| 038 |
|
|
|a SVKPOCL
|
| 040 |
|
|
|a SVKPOCL
|b slo
|c SVKPOCL
|e AACR2
|
| 041 |
0 |
|
|a ukr
|
| 044 |
|
|
|a xo
|c SK
|
| 080 |
|
|
|a 343.163(437.6)
|2 2011
|
| 080 |
|
|
|a 347.963(437.6)
|2 2011
|
| 080 |
|
|
|a 316.022.4(=161.25):061.2
|2 2011
|
| 080 |
|
|
|a (=161.25)
|2 2011
|
| 080 |
|
|
|a 347.934
|2 2011
|
| 080 |
|
|
|a 343.123:316.022.4(=161.25)(437.6)
|2 2011
|
| 100 |
1 |
|
|a Medviď, Peter,
|d 1981-
|4 aut
|9 268505
|
| 245 |
1 |
0 |
|a Prokuratura bude rišўty hanoblinja rusín'skoho naroda
|c Petro Medviď
|
| 246 |
3 |
3 |
|a Prokuratura bude rišŷty hanoblinja rusín'skoho naroda
|
| 300 |
|
|
|b Fotogr.
|
| 600 |
1 |
7 |
|a Pilip, Milan Ján,
|d 1980-
|2 svkpocl
|9 1332484
|
| 610 |
1 |
7 |
|a Slovensko.
|b Generálna prokuratúra
|2 SNKKA
|9 32899
|
| 610 |
2 |
7 |
|a Okrúhly stôl Rusínov Slovenska
|g (združenie)
|2 svkpocl
|9 1096305
|
| 610 |
1 |
7 |
|a Slovensko.
|b Vláda.
|b Rada pre ľudské práva, národnostné menšiny a rodovú rovnosť.
|b Úrad splnomocnenca vlády Slovenskej republiky pre národnostné menšiny.
|b Výbor pre národnostné menšiny a etnické skupiny
|2 svkpocl
|9 1300465
|
| 611 |
2 |
7 |
|a Ukrajinci v histórii i kultúre Karpát
|g konferencia
|d (2016 :
|c Svidník, Slovensko)
|2 svkpocl
|9 1604461
|
| 648 |
|
7 |
|a 30.8.2016
|2 svkpocl
|9 1089940
|
| 648 |
|
7 |
|a 8.-9.4.2016
|2 svkpocl
|9 1272579
|
| 650 |
0 |
7 |
|a Rusíni
|2 SNKPH
|9 4087
|
| 650 |
0 |
7 |
|a rusinistika
|2 svkpocl
|9 90871
|
| 650 |
0 |
7 |
|a národnostná politika
|2 SNKPH
|9 4656
|
| 650 |
0 |
7 |
|a práva menšín
|2 SNKPH
|9 2259
|
| 650 |
0 |
7 |
|a národnostné menšiny
|2 SNKPH
|9 2669
|
| 650 |
0 |
7 |
|a názory a postoje
|2 SNKPH
|9 4303
|
| 650 |
0 |
7 |
|a trestná žaloba
|2 SNKPH
|9 4523
|
| 651 |
|
7 |
|a Svidník (Slovensko)
|2 SNKPH
|9 28309
|
| 651 |
|
7 |
|a Bratislava (Slovensko)
|2 SNKPH
|9 14568
|
| 773 |
0 |
|
|t Info Rusyn
|g Roč. XIII, č. 17 (2016), s. [1], 2
|
| 852 |
|
|
|a SVKPO
|b KIS3GCP
|
| 856 |
4 |
2 |
|y Elektronická verzia informačného dvojtýždenníka je na: http://www.rusyn.sk
|
| 958 |
|
|
|a RN
|
| 958 |
|
|
|a SS
|
| 958 |
|
|
|a UK
|
| 958 |
|
|
|a SK
|
| 999 |
|
|
|c 3304739
|d 3306669
|